| 000 | 00709nam a2200193 4500 | ||
|---|---|---|---|
| 001 | 118656 | ||
| 003 | ES-MaACL | ||
| 005 | 20231228062644.0 | ||
| 007 | t| | ||
| 008 | 070214s1945 sp r ||||1| spa d | ||
| 100 | 1 |
_aPérez Botija, Eugenio. _990674 |
|
| 245 | 1 | 3 |
_aEl contrato de trabajo _b: comentarios a la ley, doctrina y jurisprudencia / _cEugenio Pérez Botija ; prólogo del Excmo. Sr. D. José Castán Tobeñas. |
| 260 |
_aMadrid : _bInstituto de Estudios Políticos, _c1945. |
||
| 300 |
_a348 p. ; _c23 cm. |
||
| 700 | 1 |
_aCastán Tobeñas, José, _d1889-1969 _936392 |
|
| 710 | 2 |
_aInstituto de Estudios Políticos (Madrid) _94924 |
|
| 852 |
_aES-MaACL _jB-10255 _bR.21643 |
||
| 999 |
_c118656 _d118656 |
||